000 01039cam a22003257a 4500
003 CHAP
005 20220329134951.0
008 971013s1930 r 00010 d
010 _a28805
011 _a29777
035 _a33888
040 _cCHAP
090 _aTesis
100 0 0 _aLazos, Héctor.
_965225
245 1 3 _aLa Comarca Lagunera
260 _aTorreón, Coah. :
_bEl autor,
_c1930
300 _a39 h.
502 _aTesis (Ing. Agr. Esp. en Industrias Agrícolas)-- ENA. Departamento de Industrias Agrícolas
590 _aALEPH
_b10
_c20130110
_lUCH01
_h1250
590 _aBATCH-UPD
_b10
_c20130110
_lUCH01
_h2141
590 _aBATCH-UPD
_b10
_c20130410
_lUCH01
_h1450
590 _aBATCH-UPD
_b10
_c20130914
_lUCH01
_h1012
590 _aCONVERSION
_b10
_c20130109
_lUCH01
_h1316
650 1 4 _aComarca lagunera
_xCondiciones económicas.
_925527
901 _aBK
942 _cFOLL
949 _bBC
_cTES
_d-78660
_eTS1
_i33888
_si
949 _bBC
_cTES
_d-78661
_eTS2
_fc.2
_i33888
_si
949 _bBC
_cTES
_d-78662
_eTS2
_fc.3
_i33888
_si
999 _c28805
_d28805